00729nam a22002057a 4500003000400000008004100004020001800045082002000063100002500083245005500108260002600163300001300189700002200202700002500224700001900249942001200268999001700280952011300297952011300410OSt250704b |||||||| |||| 00| 0 eng d a9788171641642 a631.30216bA31C aDr. K. Alagusundaram aCatalogue On Tools and Machinery Developed By ICAR aNew DelhibICARc2016 axiv,242p aDr. J. T. Sheriff aDr. Kanchan K. Singh aDr. G. Senthil 2ddccBK c48349d48349 00102ddc4070aRAUbRAUd2025-07-04eICAR, New Delhil0o631.30216 A31Cp84094r2025-07-04w2025-07-04yBK 00102ddc4070aRAUbRAUd2025-07-04eICAR, New Delhil0o631.30216 A31Cp84095r2025-07-04w2025-07-04yBK